[Event "Pfalz op-B 10th"]
[Site "Neustadt an der Weinstrasse"]
[Date "2019.03.04"]
[Round "6"]
[White "Kelemen, Alexander"]
[Black "Bernhard, Torsten"]
[Result "1-0"]
[WhiteElo "1703"]
[BlackElo "1791"]
[PlyCount "71"]
[EventDate "2019.03.01"]
[EventType "swiss"]
[EventRounds "7"]
[EventCountry "GER"]
[SourceTitle "CBM 189 Extra"]
[Source "ChessBase"]
[SourceDate "2019.05.31"]
[SourceVersion "1"]
[SourceVersionDate "2019.05.31"]
[SourceQuality "1"]

1. e4 c5 2. Nf3 Nc6 3. d4 cxd4 4. Nxd4 Nf6 5. Nc3 e5 6. Ndb5 d6 7. Nd5 Nxd5 8. exd5 Nb8 9. c4 Be7 10. Be2 0-0 11. 0-0 Bd7 12. Bd2 f5 13. Rc1 Bxb5 14. cxb5 Nd7 15. Bb4 e4 16. Bc3 Rc8 17. Bd4 Bf6 18. Rxc8 Qxc8 19. Bxf6 Nxf6 20. Qd2 Qd7 21. Rc1 Rc8 22. a4 Kf8 23. Rc3 b6 24. Rc6 h6 25. Qc3 Rxc6 26. dxc6 Qd8 27. b4 Nd5 28. Qd2 Nc7 29. a5 d5 30. Qd4 Qd6 31. axb6 axb6 32. Qxb6 d4 33. Qb8+ Ke7 34. b6 d3 35. bxc7 dxe2 36. c8N+ 1-0

[Event "Pfalz op-B 10th"]
[Site "Neustadt an der Weinstrasse"]
[Date "2019.03.02"]
[Round "2"]
[White "Kobald, Jacqueline"]
[Black "Kelemen, Alexander"]
[Result "1/2-1/2"]
[WhiteElo "1870"]
[BlackElo "1703"]
[PlyCount "34"]
[EventDate "2019.03.01"]
[EventType "swiss"]
[EventRounds "7"]
[EventCountry "GER"]
[SourceTitle "CBM 189 Extra"]
[Source "ChessBase"]
[SourceDate "2019.05.31"]
[SourceVersion "1"]
[SourceVersionDate "2019.05.31"]
[SourceQuality "1"]

1. e4 c5 2. Nf3 Nc6 3. d4 cxd4 4. Nxd4 g6 5. Nc3 Bg7 6. Be3 Nf6 7. Bc4 Qa5 8. 0-0 0-0 9. Bb3 d6 10. h3 Bd7 11. Qd2 Nxd4 12. Qxd4 Ng4 13. Qd5 Bxc3 14. hxg4 Qxd5 15. Bxd5 Bg7 16. g5 Bc6 17. Rab1 Rfc8 1/2-1/2

[Event "Ulm/Neu Ulm-ch"]
[Site "Ulm/Neu Ulm"]
[Date "2017.11.17"]
[Round "5"]
[White "Kelemen, Alexander"]
[Black "Lerche, Philipp"]
[Result "1-0"]
[WhiteElo "1788"]
[BlackElo "1610"]
[PlyCount "71"]
[EventDate "2017.09.22"]
[EventType "swiss"]
[EventRounds "7"]
[EventCountry "GER"]
[SourceTitle "EXT 2019"]
[Source "ChessBase"]
[SourceDate "2018.10.10"]
[SourceVersion "1"]
[SourceVersionDate "2018.10.10"]
[SourceQuality "1"]

1. d4 Nf6 2. c4 g6 3. Nf3 Bg7 4. e3 0-0 5. Be2 c5 6. d5 e6 7. 0-0 exd5 8. cxd5 d6 9. Nc3 Re8 10. Nd2 a6 11. a4 b6 12. Nc4 Qc7 13. Re1 Nbd7 14. f4 Rb8 15. Qc2 b5 16. axb5 axb5 17. Na5 Ba6 18. Nc6 b4 19. Bxa6 bxc3 20. Nxb8 Qxb8 21. bxc3 Nxd5 22. Bd2 Qb6 23. Reb1 Qd8 24. Qd3 N7b6 25. Bb5 Bxc3 26. Bxe8 Bxa1 27. Bxf7+ Kxf7 28. Rxa1 Qf6 29. Ra7+ Kg8 30. Kf2 Qh4+ 31. Kg1 Qg4 32. Ba5 Qh4 33. g3 Qf6 34. Bxb6 Nxb6 35. Qb3+ d5 36. Ra6 1-0

[Event "Ulm/Neu Ulm-ch"]
[Site "Ulm/Neu Ulm"]
[Date "2017.10.20"]
[Round "3"]
[White "Kelemen, Alexander"]
[Black "Frank, Matthias"]
[Result "1/2-1/2"]
[WhiteElo "1788"]
[BlackElo "1562"]
[PlyCount "42"]
[EventDate "2017.09.22"]
[EventType "swiss"]
[EventRounds "7"]
[EventCountry "GER"]
[SourceTitle "EXT 2019"]
[Source "ChessBase"]
[SourceDate "2018.10.10"]
[SourceVersion "1"]
[SourceVersionDate "2018.10.10"]
[SourceQuality "1"]

1. d4 d5 2. c4 dxc4 3. Nf3 Nf6 4. e3 e6 5. Bxc4 c5 6. 0-0 Nc6 7. Qe2 Qc7 8. Nc3 cxd4 9. exd4 Be7 10. Nb5 Qd7 11. Bf4 0-0 12. Nc7 Rb8 13. Rfd1 Bd6 14. Bxd6 Qxd6 15. Nb5 Qe7 16. Ne5 a6 17. Nc3 Bd7 18. a4 Rfd8 19. Nxc6 Bxc6 20. d5 Bd7 21. Re1 Re8 1/2-1/2

[Event "Stuttgart-chB int"]
[Site "Ditzingen"]
[Date "2016.05.08"]
[Round "7"]
[White "Kelemen, Alexander"]
[Black "Kleih, Julian"]
[Result "1/2-1/2"]
[WhiteElo "1723"]
[BlackElo "1887"]
[PlyCount "39"]
[EventDate "2016.05.05"]
[EventType "swiss"]
[EventRounds "7"]
[EventCountry "GER"]
[SourceTitle "EXT 2018"]
[Source "ChessBase"]
[SourceDate "2017.10.13"]
[SourceVersion "1"]
[SourceVersionDate "2017.10.13"]
[SourceQuality "1"]

1. e4 c5 2. Nf3 Nc6 3. d4 cxd4 4. Nxd4 g6 5. c4 Bg7 6. Be3 Nf6 7. Nc3 Ng4 8. Qxg4 Nxd4 9. Qd1 Ne6 10. Qd2 Qa5 11. Rc1 b6 12. Qd5 Qxd5 13. cxd5 Nd4 14. Bxd4 Bxd4 15. Rc2 0-0 16. Nb5 Be5 17. Nc7 Rb8 18. Na6 Ra8 19. Nc7 Rb8 20. Na6 1/2-1/2

[Event "Stuttgart-chB int"]
[Site "Ditzingen"]
[Date "2016.05.05"]
[Round "2"]
[White "Pfeilsticker, Thorsten"]
[Black "Kelemen, Alexander"]
[Result "1/2-1/2"]
[WhiteElo "1560"]
[BlackElo "1723"]
[PlyCount "55"]
[EventDate "2016.05.05"]
[EventType "swiss"]
[EventRounds "7"]
[EventCountry "GER"]
[SourceTitle "EXT 2018"]
[Source "ChessBase"]
[SourceDate "2017.10.13"]
[SourceVersion "1"]
[SourceVersionDate "2017.10.13"]
[SourceQuality "1"]

1. b4 e5 2. Bb2 f6 3. e4 Bxb4 4. Bc4 Ne7 5. Qh5+ Ng6 6. f4 exf4 7. Nf3 Qe7 8. Kd1 Qc5 9. Bd5 c6 10. Nh4 Rf8 11. Nxg6 hxg6 12. Qxg6+ Kd8 13. Bb3 Qe7 14. h4 d6 15. h5 Nd7 16. h6 gxh6 17. Rxh6 Ne5 18. Bxe5 dxe5 19. a3 Ba5 20. Rh7 Qd6 21. Ke1 Qc5 22. Qg7 f5 23. Qg5+ Ke8 24. Qg6+ Kd8 25. Qg7 fxe4 26. Qg5+ Ke8 27. Qg6+ Kd8 28. Qg5+ 1/2-1/2

[Event "Stuttgart-chB op"]
[Site "Ditzingen"]
[Date "2015.05.16"]
[Round "5"]
[White "Strauss, Martin"]
[Black "Kelemen, Alexander"]
[Result "1/2-1/2"]
[WhiteElo "1758"]
[BlackElo "1688"]
[PlyCount "44"]
[EventDate "2015.05.17"]
[EventType "swiss"]
[EventRounds "7"]
[EventCountry "GER"]
[SourceTitle "EXT 2018"]
[Source "ChessBase"]
[SourceDate "2017.10.13"]
[SourceVersion "1"]
[SourceVersionDate "2017.10.13"]
[SourceQuality "1"]

1. e4 c5 2. Nf3 d6 3. Bb5+ Bd7 4. Bxd7+ Qxd7 5. d4 cxd4 6. Nxd4 Nf6 7. Nc3 g6 8. Bg5 Bg7 9. Qd2 Nc6 10. Nf3 0-0 11. 0-0 Rfd8 12. Rad1 a6 13. Rfe1 Rac8 14. Bxf6 Bxf6 15. Nd5 Rb8 16. Nxf6+ exf6 17. c4 Qc7 18. Qf4 Kg7 19. c5 Ne5 20. cxd6 Rxd6 21. Nxe5 Rxd1 22. Rxd1 fxe5 1/2-1/2

[Event "GER HS-127 email"]
[Site "GER email"]
[Date "2012.05.15"]
[Round "?"]
[White "Kelemen, Alexander"]
[Black "Linke, Michael"]
[Result "1/2-1/2"]
[WhiteElo "1794"]
[BlackElo "1975"]
[PlyCount "57"]
[EventDate "2012.05.22"]
[EventType "tourn (corr)"]
[EventRounds "6"]
[EventCountry "GER"]
[SourceTitle "Corr 2015"]
[Source "ChessBase"]
[SourceDate "2015.07.17"]
[SourceVersion "1"]
[SourceVersionDate "2015.07.17"]
[SourceQuality "1"]

1. Nf3 Nf6 2. c4 g6 3. d4 Bg7 4. Nc3 d5 5. Qb3 dxc4 6. Qxc4 0-0 7. e4 Nc6 8. Be2 Bg4 9. d5 Na5 10. Qa4 Bxf3 11. Bxf3 c6 12. 0-0 b5 13. Qb4 a6 14. Bg5 cxd5 15. Nxd5 Nc6 16. Qc5 Rc8 17. Rfd1 Nxd5 18. exd5 Nd4 19. Qxe7 f6 20. Qxd8 Nxf3+ 21. gxf3 Rfxd8 22. Be3 Kf7 23. Kg2 f5 24. Rd2 Rd7 25. Rad1 Bf8 26. Bf4 Bd6 27. Bxd6 Rxd6 28. f4 Rc5 29. b3 1/2-1/2

[Event "GER HS-127 email"]
[Site "GER email"]
[Date "2012.05.15"]
[Round "?"]
[White "Schludecker, Elke"]
[Black "Kelemen, Alexander"]
[Result "1-0"]
[WhiteElo "1934"]
[BlackElo "1794"]
[PlyCount "107"]
[EventDate "2012.05.22"]
[EventType "tourn (corr)"]
[EventRounds "6"]
[EventCountry "GER"]
[SourceTitle "Corr 2015"]
[Source "ChessBase"]
[SourceDate "2015.07.17"]
[SourceVersion "1"]
[SourceVersionDate "2015.07.17"]
[SourceQuality "1"]

1. e4 c5 2. Nf3 e6 3. d4 cxd4 4. Nxd4 Nc6 5. Nc3 Qc7 6. Be3 a6 7. Bd3 Nf6 8. 0-0 b5 9. Nxc6 Qxc6 10. a3 Bb7 11. Qe2 h5 12. f3 Qc7 13. Bd4 Bc5 14. Qe3 d6 15. Bxc5 Qxc5 16. Qxc5 dxc5 17. a4 b4 18. Nb1 Ke7 19. Nd2 Nd7 20. Rfd1 Ne5 21. f4 Nxd3 22. cxd3 Rhd8 23. Nc4 Bc6 24. Kf2 f5 25. exf5 exf5 26. Rac1 Rd4 27. g3 Rad8 28. Re1+ Kf6 29. Ne5 Bxa4 30. Rxc5 Bb5 31. Rc7 Rxd3 32. Nxd3 Rxd3 33. Rce7 Kg6 34. R1e6+ Kh7 35. Re2 Rd1 36. R2e5 Rd2+ 37. Kf3 Rd3+ 38. Ke2 Rb3+ 39. Ke1 Rxb2 40. Rxf5 Kg6 41. Rg5+ Kf6 42. Rgxg7 Bc4 43. Rb7 b3 44. Rg5 Rxh2 45. Rb6+ Be6 46. Re5 b2 47. Rexe6+ Kf7 48. Rf6+ Kg7 49. Rf5 b1Q+ 50. Rxb1 Rh1+ 51. Kf2 Rxb1 52. Rxh5 Ra1 53. g4 a5 54. Rb5 1-0

[Event "GER-chT U14"]
[Site "Magdeburg"]
[Date "2010.12.29"]
[Round "6.3"]
[White "Puehrer, Anne"]
[Black "Kelemen, Alexander"]
[Result "1/2-1/2"]
[WhiteElo "1422"]
[BlackElo "1384"]
[PlyCount "48"]
[EventDate "2010.12.27"]
[EventType "team-swiss"]
[EventRounds "7"]
[EventCountry "GER"]
[SourceTitle "CBM 140 Extra"]
[Source "ChessBase"]
[SourceDate "2011.03.01"]
[SourceVersion "1"]
[SourceVersionDate "2011.03.01"]
[SourceQuality "1"]
[WhiteTeam "Coswig"]
[BlackTeam "Ulm"]
[WhiteTeamCountry "GER"]
[BlackTeamCountry "GER"]

1. e4 c5 2. Nf3 e6 3. d4 cxd4 4. Nxd4 Nc6 5. Nc3 Nf6 6. Ndb5 a6 7. Na3 b5 8. Bxb5 axb5 9. Naxb5 Ba6 10. Bf4 Bxb5 11. Nxb5 Qa5+ 12. Nc3 Nxe4 13. Bd2 Nxd2 14. Qxd2 Qe5+ 15. Qe2 Qxe2+ 16. Nxe2 Bc5 17. 0-0 Ke7 18. c3 Rhb8 19. b4 Bd6 20. a4 Rb7 21. Ra2 Rba7 22. Rfa1 Be5 23. b5 Na5 24. Rb1 Rb8 1/2-1/2